Normal view
MARC view
Entry Topical Term
001 - CONTROL NUMBER
- control field: 260481
003 - CONTROL NUMBER IDENTIFIER
- control field: OSt
005 - DATE AND TIME OF LATEST TRANSACTION
- control field: 20260407114326.0
008 - FIXED-LENGTH DATA ELEMENTS
- fixed length control field: 260407|| aca||aabn | a|a d
040 ## - CATALOGING SOURCE
- Original cataloging agency: OSt
- Transcribing agency: OSt
150 ## - HEADING--TOPICAL TERM
- Topical term or geographic name entry element: Muktibodh
670 ## - SOURCE DATA FOUND
- Source citation: Work cat.: (OSt)107199: PATHAN (Ayyub Khan). पठान (अय्यूब खान) 260480, Mukthibodh: kavi aur kavy., 2004